000 00623nam a2200205Ia 4500
003 LDD
008 181029s9999 xx 000 0 und d
020 _a9780415352352
_cP 855.00
040 _cLDD
100 _aCulyrer, Anthony J.
245 0 _aHealth Economics
_bcritical perspectives on the world economy
_cAnthony J. Culyrer
260 _aLondon
_bRoutledge
_c2006
300 _avol. 4
365 _bP 855.00
440 _aCritical Perspectives on the World Economy
901 _a15186
_b31-01-2017
902 _a49569
_b02-02-2017
_cF
_dSBD
_e0
903 _a5Discount-500
_bReqst by : Saugato Sen
942 _2ddc
_cBK
999 _c120848
_d120848